• 首页
  • 本馆介绍
  • 公告通知
  • 最新文献
  • 馆藏检索
  • 电子资源
  • 读者导购
  • 参考咨询
  • 我的图书馆
  • 登录
  • 详细信息显示
  • 放入我的书架
  • 预约/预借图书
  • 作者相关作品
  • 分类相关作品
  • 丛书相关作品
  • 出版社相关作品

书目信息

  • 表格格式
  • 工作单格式
  • 卡片格式
题名:
非洲史论文集
    
 
作者: ;中国非洲史研究会 编 ;中国非洲研究会 编
分册:  
出版信息: 北京   三联书店  1982
页数: 303页
开本: 21cm
丛书名:
单 册:
中图分类: K400.7
科图分类:
主题词: 非洲--历史
电子资源:
ISBN:
000 00740nam0 2200241 45
001 0182001196
005 20060818085947.01
010    @dCNY1.00
091    @a11002.591
100    @a19950323d1982 em y0chiy0121 ea
101 0  @achi
102    @aCN@b110000
105    @ay m 000yy
200 10 @a非洲史论文集@Afei zhou shi lun wen ji@f中国非洲史研究会编@FZhong Guo Fei Zhou Shi Yan Jiu Hui Bian@g中国非洲研究会编
210    @a北京@c三联书店@d1982
215    @a303页@d21cm
606 0  @a非洲@x历史
690    @aK400.7@v3
711 02 @a中国非洲史研究会@4编
712 02 @a中国非洲研究会@Azhong guo fei zhou yan jiu hui@4编
801  2 @aCN@bNLC@c20060818
801  0 @aCN@b上海图书馆@c20040301
905    @dK400.7@e3@f1@b152130@f0@f1@b152132
    
    非洲史论文集/中国非洲史研究会编/中国非洲研究会编.-北京:三联书店,1982
    303页;21cm
    
    
    ISBN :CNY1.00
    
●
相关链接 在E读中查询图书 在五车中查询图书 在当当中查询图书 在豆瓣中查询图书


正题名:非洲史论文集     索取号:K400.7/3         预约/预借

序号 登录号 条形码 馆藏地/架位号 状态 备注
1 0108841   001889898   密集书库/ [索取号:K400.7/3] 在馆    
2 0108842   001889889   密集书库/ [索取号:K400.7/3] 在馆    
3 0152130   000359882   第二样本阅览室/ [索取号:K400.7/3] 在馆    
4 0152131   001889923   密集书库/ [索取号:K400.7/3] 在馆    
5 0152132   000359819   第二借阅区/ [索取号:K400.7/3] 在馆    
6 0466454   204664540   密集书库/ [索取号:K400.7/3] 在馆    
唐山师范学院图书馆 欢迎您!
大连网信软件有限公司© 版权所有